000 01129nam a22003257a 4500
003 CHAP
005 20220329134541.0
008 971013s1980 at r 00010 eng d
010 _a22055
011 _a23027
035 _a27122
040 _cCHAP
090 _aFolleto 10153
100 0 0 _aCocks, K. D.
_924232
245 1 _aLand evaluation and land use planning in the CSIRO Division of Land Use Research
260 _aCanberra :
_bCSIRO. Division of Land Use Research,
_c1980
300 _a4 h.
490 0 _aDocumento de trabajo
_v; 80/5
590 _aBATCH-UPD
_b10
_c20130110
_lUCH01
_h1809
590 _aBATCH-UPD
_b10
_c20130410
_lUCH01
_h1144
590 _aBATCH-UPD
_b10
_c20130914
_lUCH01
_h1001
590 _aCONVERSION
_b10
_c20130109
_lUCH01
_h1313
650 1 4 _aTierras
_xEvaluación.
_9113113
650 1 4 _aTierras
_xUtilización.
_9113219
710 0 _aCommonwealth Scientific and Industrial Research Organization. Division of Water and Land Resources.
_926048
830 0 _aDocumento de trabajo
_v; 80/5
_933227
901 _aBK
942 _cFOLL
949 _aFolleto 10153
_bBC
_cFOLL
_d-62787
_eTS1
_i27122
_mD
_si
999 _c22055
_d22055